| 000 | 00855nas a2200289 4500 | ||
|---|---|---|---|
| 001 | BR9705208 | ||
| 003 | BR-BrBNA | ||
| 005 | 20231205100619.0 | ||
| 007 | ta | ||
| 008 | 230509b bl.|||p| |||| 00| 00por d | ||
| 040 |
_aBR-BrBNA _bpor _cBiblioteca Nacional de Agricultura |
||
| 041 | _a(Pt) | ||
| 072 | _aF61 | ||
| 100 | 1 | _aDrumond, M.A. | |
| 100 | 1 | _aBarros, N.F. de | |
| 100 | 1 | _aSouza, A.L. de | |
| 100 | 1 | _aSilva, A.F. da | |
| 100 | 1 | _aTeixeira, J.L. | |
| 245 | 1 | _aComposicao mineral e demanda nutricional de especies florestais da Mata Atlantica | |
| 650 | _aArvore Florestal | ||
| 650 | _aEficiencia Nutricional | ||
| 650 | _aEssencia Florestal | ||
| 650 | _aBiomassa | ||
| 773 | 0 |
_tRevista Arvore (Brazil) _xISSN 0100-6762 _g(1997), v. 21(1) p. 1-10 _wBR9705208 |
|
| 909 |
_a202311 _bLúcia _c55 _dLúcia Elande |
||
| 942 |
_2AGRIS _n0 _cANA |
||
| 999 |
_c157010 _d157010 |
||